The compensation racket (Record no. 75940)
[ view plain ]
| 000 -LEADER | |
|---|---|
| fixed length control field | 01049cab a2200181 4500 |
| 001 - CONTROL NUMBER | |
| control field | ##L131098 |
| 008 - FIXED-LENGTH DATA ELEMENTS--GENERAL INFORMATION | |
| fixed length control field | 050928n2005 000 0 eng u |
| 035 ## - SYSTEM CONTROL NUMBER | |
| System control number | (Sirsi) u131098 |
| 041 0# - LANGUAGE CODE | |
| Language code of text/sound track or separate title | eng |
| 100 1# - MAIN ENTRY--PERSONAL NAME | |
| Personal name | Bell, James |
| 245 04 - TITLE STATEMENT | |
| Title | The compensation racket |
| 260 ## - PUBLICATION, DISTRIBUTION, ETC. | |
| Date of publication, distribution, etc. | 2005 |
| 490 ## - SERIES STATEMENT | |
| Series statement | Construction News |
| Volume/sequential designation | (6932) 1 September 2005, 37 (1) |
| 520 ## - SUMMARY, ETC. | |
| Summary, etc. | Argues that the problems that have been encountered with the miners' health scheme should serve as a warning to the construction industry. The scheme, the largest industrial injury compensation scheme in the world, relates to injuries such as vibration white finger, which are also commonly sustained by construction workers. It has been dogged by a number of scandals, with solicitors and union figures accused of mishandling a large number of claims. With an expected rise in compensation claims in the construction industry, the government must impose tighter controls to prevent similar problems occurring. |
| 590 ## - LOCAL NOTE (RLIN) | |
| Local note | IKA111005 |
| 690 ## - LOCAL SUBJECT ADDED ENTRY--TOPICAL TERM (OCLC, RLIN) | |
| Topical term or geographic name as entry element | Health and safety |
| 9 (RLIN) | 6244 |
| 942 ## - ADDED ENTRY ELEMENTS (KOHA) | |
| Suppress in OPAC | 0 |
| Withdrawn status | Lost status | Source of classification or shelving scheme | Damaged status | Not for loan | Home library | Current library | Shelving location | Date acquired | Total Checkouts | Full call number | Barcode | Date last seen | Copy number | Price effective from | Koha item type |
|---|---|---|---|---|---|---|---|---|---|---|---|---|---|---|---|
| Dewey Decimal Classification | London | London | Journal article | 28/09/2005 | L131098 | 131098-1001 | 06/08/2019 | 1 | 06/08/2019 | Journal article |